000
00272nam a2200109Ia 4500
008
190911s9999||||xx |||||||||||||| ||und||
100
_a
Harris,Stephen E.
245
0
_a
Word Perfect 7 for Windows 95 Bible
260
_a
New Delhi
_b
Pearson
_c
1996
300
_a
918
942
_c
BK
999
_c
6695
_d
6695